MDQL
is popping MORE tags! Check the
thread
!
Quizzes
Events
Quiz Creation
Community
Videos
Private Events
Remove Ads
Sign In
Join for FREE
Feedback
Dark Mode
Quiz Categories
Sports
Geography
Music
Movies
Television
Just For Fun
Miscellaneous
History
Literature
Language
Science
Gaming
Entertainment
Religion
Holiday
For Kids
Quiz Lab
Recent
Popular Today
Quiz Kudos Today
Editor Picks
Curator Picks
Quizzes by...
Day
Popularity
Type
Ratings
Length
Year
Community
Subscriptions
Recent Discussions
Orange Saloon
Badges
Playlists
Quests
Create
Leaderboards
Showdown
Live 5
Trivia Bingo
Activity
Puzzle Library
Sporcle Events
Private Events
Virtual Trivia
Globe League
Become a Host
Pub Owners
SporcleCon
Opinionation
Our Games
Videos
Blog
Mobile Apps
Partnerships
Remove Ads and Go Orange
Feedback
Geography
Country
Landmarks
City
State
Population
World
Capital
Continent
Flags
Europe
Africa
Asia
South America
North America
Oceania
Border
Canada
United Kingdom
Topography
United States
Geography
Country
Landmarks
City
State
Population
World
Capital
Continent
Flags
Europe
Africa
Asia
South America
North America
Oceania
Border
Canada
United Kingdom
Topography
United States
Random Quiz
Search Sporcle
×
Quiz Lab
Quiz Lab
Geography
Country
Type in answers that appear in a list
Type in answers that appear in a list
Classic
Best Score? Go Orange.
LAN Airlines Destinations Stats
Can you name the destinations served by all LAN affiliates?
By
jmsullivan81
15m
93 Questions
124 Plays
124 Plays
124 Plays
Comments
Comments
Give Quiz Kudos
Give Quiz Kudos
-
- Ratings
hide this ad
Replay
Link that replays current quiz
Next Quiz
Link to next quiz in quiz playlist
You Got
0%
They Got
Avg Score
46%
Avg Friend Score
Upgrade to see
Score Distribution
Jump to the score distribution portion of the page
Score
0/93
Timer
15:00
0
Plays Today
City
% Correct
Santiago
95.2%
Buenos Aires Ezeiza
93.5%
Lima
90.3%
Bogota
89.5%
Sydney
89.5%
Sao Paulo Guarulhos
89.5%
Buenos Aires Aeroparque
87.9%
Frankfurt
87.9%
Auckland
87.9%
New York (Kennedy)
87.9%
Los Angeles
87.9%
Rio de Janeiro Galeao
87.9%
Montevideo
86.3%
Mexico City
83.9%
Caracas
83.9%
Madrid
83.1%
La Habana
81.5%
Quito
80.6%
Miami
80.6%
Medellin
77.4%
San Francisco
75.8%
La Paz
75.8%
Cancun
75%
Cali
74.2%
Guayaquil
71%
Cordoba
68.5%
Punta Cana
67.7%
Orlando
67.7%
Cusco
64.5%
Ushuaia
60.5%
Mendoza
59.7%
City
% Correct
Cartagena
56.5%
Santa Cruz
54.8%
Arequipa
54%
Arica
48.4%
Iquitos
48.4%
Concepcion
46.8%
Iquique
44.4%
Punta Arenas
44.4%
Antofagasta
43.5%
Puerto Montt
43.5%
Salta
41.9%
Stanley
41.9%
Punta del Este
39.5%
Trujillo
38.7%
La Serena
37.9%
Bariloche
37.1%
Calama
34.7%
San Juan
33.9%
Valdivia
33.9%
Santa Marta
33.9%
Isla de Pascua
33.1%
Bahia Blanca
32.3%
Iguazu
31.5%
Osorno
31.5%
Bucaramanga
30.6%
Tacna
30.6%
Temuco
29.8%
Cuenca
29.8%
Tucuman
29%
Pereira
29%
El Calafate
27.4%
City
% Correct
Leticia
27.4%
Copiapo
26.6%
Chiclayo
26.6%
Rio Gallegos
25.8%
Neuquen
25.8%
Comodoro Rivadavia
25%
San Andres
25%
Piura
25%
Florianopolis
25%
San Cristobal
24.2%
Juliaca
24.2%
Puerto Maldonado
24.2%
Isla Baltra
22.6%
Pucallpa
21.8%
Cucuta
21%
Tarapoto
21%
Balmaceda
20.2%
Armenia
20.2%
Manta
19.4%
Cajamarca
19.4%
Tumbes
17.7%
Castro (Chiloe)
15.3%
Neiva
14.5%
Valledupar
13.7%
Ibague
12.9%
Monteria
12.9%
Apartado
11.3%
Villavicencio
11.3%
Pucon
8.9%
Quibdo
8.9%
El Yopal
6.5%
Quiz Playlist
Details
Report
Send in Message
Add To Playlist
Classic:
Type in answers that appear in a list
Last Updated: Feb 16, 2017
Quiz Scoreboard
CHALLENGE
Sign Up to Join the Scoreboard
Show All
Scores
Hide
Comments
May contain spoilers
Recently Published
1-10 Letter E Words III
by El_Dandy
Language
2m
Street Fighter Characters
by Artimus82
Gaming
60s
College Basketball Coaching Resumes
by pancakes188
Sports
9m
More to Explore
Quiz From the Vault
Featured Blog Post
Where Did the Easter Bunny Come From?
hide this ad
You Might Also Like...
Tags
City Quiz
Country Quiz
Nintendo Quiz
Affiliate
Airline
destination
Served
Today's Top Quizzes in Geography
Browse Geography
hide this ad
Today's Top Quizzes in Country
Browse Country
Top Contributed Quizzes in Geography
1
Countries of the World - No Outlines Minefield
2
Top 25 Cities of France on a map
3
Any capital of a 'B' country per Continent
4
Any capital of a 'C' country per Continent
5
Closest Countries to UK A-Z
6
Any capital of a 'D' country per Continent
7
5-to-1: US Geography No Hints
8
Any capital of an 'E' country per Continent
9
Find the US States - No Outlines
10
Any capital of an 'F' country per Continent
Explore More
Trending Topics
Disney
NBA
Harry Potter
Crossword
Marvel
Anime
Kpop
The Office
Country
Puzzle
Pokémon
Soccer
WWE
NFL
Song
hide this ad
More By:
jmsullivan81
Quiz
Plays
Rating
Category
Featured
Created
Largest 100 Cities in South America (by metro area)
5,068
4.78
Geography
Jul 6, 2013
Turkish Airlines destinations (edited 5/2016)
505
Miscellaneous
May 11, 2013
Emirates Airline destinations (updated 1/2016)
472
5.00
Miscellaneous
Mar 17, 2015
Busiest Airports - 20 million and above
300
3.33
Geography
Nov 4, 2017
Korean Air destinations
232
5.00
Geography
May 10, 2013
Go to Creator's Profile
Score Distribution
Quiz Creator Spotlight
jmsullivan81
Follow
Send a Message
Quizzes Created
-
Created Quiz Play Count
-
More By This Creator
Popular Quizzes Today
1
Find the US States - No Outlines Minefield
2
Find the Countries of Europe - No Outlines Minefield
3
The Countries of the World
4
Find the US States
5
Risky Map Clicking: Biggest States A-Z
6
US States
7
Popular People in 1961
8
Movies - When Are They Set?
More Geography Quizzes
Click the Sea of Japan Countries
Published
Trending Quizzes
Risky Map Clicking: Least Populous States A-Z
Billboard Blitz: Aretha Franklin
Famous Russians: Author or Composer?
1-10 Letter G Words
Countries of the World: 200 Million BC
Recently Updated
Leaping Animals
pecheneg
Reality TV Shows (A-Z)
bhenderson79
Rickey Henderson's Hall of Fame Teammates
pecheneg
Champions League XIs: Arsenal
pecheneg
Quick Pick: Celebrities in WWE's Hall of Fame
aduchscher
A-Z Keypad Blitz II
pecheneg
Multiple Oscar Actors
pecheneg
Mystery Phrase Blitz: Oscar 'Best Actors'
pecheneg
F. Scott Fitzgerald Novels
LTH
Pick 3 Villains
ddd62291
Trending Topics
Marvel
Disney
Harry Potter
Kpop
NBA
Anime
Crossword
Pokémon
The Office
Soccer
Country
Song
WWE
Puzzle
NFL
Your Account Isn't Verified!
In order to create a playlist on Sporcle, you need to verify the email address you used during registration. Go to your
Sporcle Settings
to finish the process.
Report this User
Report this user for behavior that violates our
Community Guidelines
.
Details:
Send Report
Go to the Sporcle.com Mobile Site →
Comments